¿Globalización o desnacionalización? (Registro nro. 47586)
[ vista simple ]
| 000 -CABECERA | |
|---|---|
| Longitud fija campo de control | 01149naa a2200313 c 4500 |
| 001 - NÚMERO DE CONTROL | |
| Número de control | 47586 |
| 003 - IDENTIFICADOR DE NÚMERO DE CONTROL | |
| Identificador del número de control | ES-MaCES |
| 005 - FECHA Y HORA DE LA ÚLTIMA TRANSACCIÓN | |
| Fecha y hora de la última transacción | 20160429133614.0 |
| 008 - CAMPO FIJO DE DESCRIPCIÓN FIJA--INFORMACIÓN GENERAL | |
| Códigos de información de longitud fija | 160429s2005 sp ||||| t||||||| ||spa d |
| 040 ## - FUENTE DE CATALOGACIÓN | |
| Centro catalogador de origen | ES-MaCES |
| Lengua de catalogación | spa |
| Centro transcriptor | ES-MaCES |
| Centro modificado | ES-MaCES |
| 100 1# - ENCABEZAMIENTO PRINCIPAL--NOMBRE PERSONAL | |
| 9 (RLIN) | 23585 |
| Nombre de persona | Sassen, Saskia |
| 245 11 - MENCIÓN DE TÍTULO | |
| Título | ¿Globalización o desnacionalización? |
| Mención de responsabilidad, etc. | Saskia Sassen |
| 504 ## - NOTA DE BIBLIOGRAFÍA, ETC. | |
| Nota de bibliografía, etc. | Bibliografía: p. 82-86 |
| 650 #4 - ASIENTO SECUNDARIO DE MATERIA--TÉRMINO DE MATERIA | |
| 9 (RLIN) | 30653 |
| Término de materia o nombre geográfico como elemento inicial | globalización económica |
| 650 #4 - ASIENTO SECUNDARIO DE MATERIA--TÉRMINO DE MATERIA | |
| 9 (RLIN) | 27958 |
| Término de materia o nombre geográfico como elemento inicial | comercio internacional |
| 650 #4 - ASIENTO SECUNDARIO DE MATERIA--TÉRMINO DE MATERIA | |
| 9 (RLIN) | 26700 |
| Término de materia o nombre geográfico como elemento inicial | organización internacional |
| 650 #4 - ASIENTO SECUNDARIO DE MATERIA--TÉRMINO DE MATERIA | |
| 9 (RLIN) | 27142 |
| Término de materia o nombre geográfico como elemento inicial | empresa multinacional |
| 650 #4 - ASIENTO SECUNDARIO DE MATERIA--TÉRMINO DE MATERIA | |
| 9 (RLIN) | 29209 |
| Término de materia o nombre geográfico como elemento inicial | organización del trabajo |
| 650 #4 - ASIENTO SECUNDARIO DE MATERIA--TÉRMINO DE MATERIA | |
| 9 (RLIN) | 27220 |
| Término de materia o nombre geográfico como elemento inicial | nivel local |
| 650 #4 - ASIENTO SECUNDARIO DE MATERIA--TÉRMINO DE MATERIA | |
| 9 (RLIN) | 27968 |
| Término de materia o nombre geográfico como elemento inicial | división internacional del trabajo |
| 650 #4 - ASIENTO SECUNDARIO DE MATERIA--TÉRMINO DE MATERIA | |
| 9 (RLIN) | 27082 |
| Término de materia o nombre geográfico como elemento inicial | consecuencias económicas |
| 650 #4 - ASIENTO SECUNDARIO DE MATERIA--TÉRMINO DE MATERIA | |
| 9 (RLIN) | 28778 |
| Término de materia o nombre geográfico como elemento inicial | aspecto geográfico |
| 650 #4 - ASIENTO SECUNDARIO DE MATERIA--TÉRMINO DE MATERIA | |
| 9 (RLIN) | 27257 |
| Término de materia o nombre geográfico como elemento inicial | sociología |
| 650 #4 - ASIENTO SECUNDARIO DE MATERIA--TÉRMINO DE MATERIA | |
| 9 (RLIN) | 27288 |
| Término de materia o nombre geográfico como elemento inicial | consecuencias sociales |
| 653 10 - TÉRMINO DE INDEXACIÓN--NO CONTROLADO | |
| Término no controlado | Ciencias Sociales-Políticas |
| 773 0# - ENTRADA DE DOCUMENTO FUENTE | |
| Itemnumber del ítem fuente | 20670 |
| Edición | 1ª ed |
| Lugar, editor y fecha de publicación | Madrid CIS 2005 |
| Otro identificador del documento | 062637 |
| Título | Viejas sociedades, nueva Sociología |
| Número de control del registro relacionado | (ES-MaCES)18193 |
| Número Internacional Normalizado para Libros (ISBN) | 8474763908 |
| Parte(s) relacionada(s) | p. 65-86 . - DPT-12238 |
| 902 ## - CES. TIPO DE DOCUMENTO | |
| Tipodoc (006$c Sirtex) | ARL Artículo de libro |
| 942 ## - ELEMENTOS KOHA | |
| Fuente de clasificaión o esquema | Clasificación propia del CES |
| Koha [por defecto] tipo de item | Artículos (1982-2017) |
| Parte de clasificación | Ciencias Sociales Politicas Empresariale |
No hay ítems disponibles.
